000
00270nam a22001217a 4500
020
_a
0-7214-1669-1
082
_a
823
_b
BRA/T
100
_a
BRADBURY, LYNNE
245
_a
TELLING THE TIME
260
_a
UK
_b
LADY BIRD
_c
1994
650
_a
ENGLISH SHORT STORY
_z
UK
942
_c
BK
999
_c
2365
_d
2365